000 00590nam a2200217Ia 4500
003 OSt
005 20221007082747.0
006 a|||||r|||| 00| 0
007 ta
008 221006b |||||||| |||| 00| 0 eng d
024 _a38,559
037 _cDissertations
040 _aFLL
_cFLL
_beng
041 _2eng
_aeng
100 _aBodasing Ishara Kamini
_9566247
245 0 _aThe law and spirit of geographical indications in a world of opening markets
260 _c2000
300 _aiv,130p
_ccm.
942 _cDIS
_2CC
999 _c1167644
_d1167644